LEADER 00930nam a2200265 a 4500 001 991000154729707536 008 031203s1993 it a bc 000 0 ita d 020 $a8872440343 :$cL120000 035 $ab12577571-39ule_inst 040 $aDip.to Beni Arti e Storia$bita 082 $a730.92 100 1 $aCarli, Enzo$036210 245 10$aArnolfo /$cEnzo Carli. 260 $aFirenze :$bCasa editrice EDAM,$cc1993. 300 $a301 p. :$bill. ;$c27 cm. 504 $aInclude bibliografia (p. 295-299). 600 14$aArnolfo,$cdi Cambio$xCritica 650 14$aArnolfo,$cdi Cambio$xScultura 700 0 $aArnolfo,$cdi Cambio,$dSec. 13. 907 $a.b12577571$b21-09-06$c03-12-03 912 $a991000154729707536 945 $aLE019 A21 AR B 2$g1$i2019000012256$lle019$op$pE0.00$q-$rl$s- $t0$u0$v0$w0$x0$y.i13037626$z03-12-03 996 $aArnolfo$9254115 997 $aUNISALENTO 998 $ale019$b03-12-03$cm$da $e-$fita$git $h0$i1 LEADER 01403nam0 22003373i 450 001 UBO1311066 005 20251003044420.0 010 $a089006749X 100 $a20091019d1995 ||||0itac50 ba 101 | $aeng 102 $aus 181 1$6z01$ai $bxxxe 182 1$6z01$an 200 1 $aElectrical and thermal characterization of MESFETs, HEMTs, and HBTs$fRobert Anholt 210 $aBoston [etc.]$cArtech House$d©1995 215 $aX, 310 p.$d24 cm. 225 | $aˆThe ‰Artech House microwave library 410 0$1001MIL0136696$12001 $aˆThe ‰Artech House microwave library 606 $aTransistori a effetto di campo$xModelli matematici$2FIR$3NAPC243416$9I 676 $a621.3815$9ELETTRONICA. COMPONENTI E CIRCUITI$v14 676 $a621.3815284$9Transistor e tiristor. Transistor a effetto di campo$v22 700 1$aAnholt$b, Robert$3UBOV509775$4070$0754349 790 1$aAnholt$b, Robert Edward$f <1949- >$3NAPV112645$zAnholt, Robert 801 3$aIT$bIT-000000$c20091019 850 $aIT-BN0095 901 $bNAP 01$cSALA DING $n$ 912 $aUBO1311066 950 0$aBiblioteca Centralizzata di Ateneo$c1 v.$d 01SALA DING 621.3815 ANH.el$e 0102 0000022765 VMA A4 1 v.$fY $h19960221$i19960221 977 $a 01 996 $aElectrical and thermal characterization of MESFETs, HEMTs, and HBTs$91517818 997 $aUNISANNIO